A fiatalok 30 ezer köbméter földet mozgattak meg a KISZ szegedi építőtábora befejezte munkáját

Elmentve itt :
Bibliográfiai részletek
Dokumentumtípus: Cikk
Megjelent: 1961-08-26
Sorozat:Délmagyarország
Kulcsszavak:Építőtábor Szeged-Ságvári telep 1961, Társadalmi munka Szeged 1961
Online Access:http://dmarchiv.bibl.u-szeged.hu/54982
LEADER 00524nab a2200145 i 4500
001 delm54982
005 20180927141857.0
008 180927s1961 hu o 0|| hun d
040 |a SZTE Délmagyarország Archívum  |b hun 
041 |a hun 
245 0 2 |a A fiatalok 30 ezer köbméter földet mozgattak meg   |h [elektronikus dokumentum] :  |b a KISZ szegedi építőtábora befejezte munkáját 
260 |c 1961-08-26 
300 |a 1 
490 0 |a Délmagyarország 
695 |a Építőtábor Szeged-Ságvári telep 1961, Társadalmi munka Szeged 1961